| 000 | 00571nam a2200193Ia 4500 | ||
|---|---|---|---|
| 005 | 20250508165117.0 | ||
| 008 | 008 250505s9999 xx 000 0 hin d | ||
| 037 | _aDissertations | ||
| 040 |
_aFEDL _beng _cFEDL |
||
| 041 |
_ahin _2eng |
||
| 084 |
_a371.97, ANS/DI _qFEDL |
||
| 100 |
_aAnsari Mohd Zahid _9779912 |
||
| 245 | 0 | _aUcch shiksha me muslim baalikaon ki shikshaaye stithi ka adhyyan | |
| 260 | _c2011 | ||
| 300 | _a95p. | ||
| 546 | _aM. Ed. Dissertation, (Delhi University) | ||
| 942 |
_cDIS _h371.97, ANS/DI |
||
| 999 |
_c1393224 _d1393224 |
||